[Event "Women's World Team Chess Championship"]
[Site "Khanty-Mansiysk, RUS."]
[Date "2017.06.19"]
[Round "3.18"]
[White "Hoang Thi Bao Tram (VIE)"]
[Black "Tan Zhongyi (CHN)"]
[Result "1-0"]
[BlackElo "2517"]
[WhiteElo "2380"]
[LiveChessVersion "1.4.8"]

1. d4 {[%clk 1:30:50]} Nf6 {[%clk 1:30:53]} 2. Nf3 {[%clk 1:30:32]} e6
{[%clk 1:29:59]} 3. e3 {[%clk 1:29:57]} b6 {[%clk 1:30:06]} 4. c4
{[%clk 1:28:29]} Bb7 {[%clk 1:30:12]} 5. Bd3 {[%clk 1:26:51]} d5 {[%clk 1:30:27]}
6. O-O {[%clk 1:26:05]} Bd6 {[%clk 1:30:51]} 7. b3 {[%clk 1:23:13]} O-O
{[%clk 1:31:03]} 8. Bb2 {[%clk 1:23:09]} Nbd7 {[%clk 1:23:00]} 9. Ne5
{[%clk 1:20:44]} c5 {[%clk 1:21:53]} 10. f4 {[%clk 1:11:27]} Ne4 {[%clk 1:09:40]}
11. Nc3 {[%clk 0:58:48]} cxd4 {[%clk 0:55:15]} 12. exd4 {[%clk 0:58:51]} f6
{[%clk 0:53:21]} 13. Ng4 {[%clk 0:43:05]} f5 {[%clk 0:47:25]} 14. Ne5
{[%clk 0:42:02]} Nxc3 {[%clk 0:46:24]} 15. Bxc3 {[%clk 0:42:18]} Nf6
{[%clk 0:46:41]} 16. Qe2 {[%clk 0:37:48]} Rc8 {[%clk 0:44:51]} 17. Rac1
{[%clk 0:35:17]} Qe7 {[%clk 0:42:39]} 18. Bd2 {[%clk 0:33:56]} Rfd8
{[%clk 0:41:04]} 19. Be3 {[%clk 0:33:57]} dxc4 {[%clk 0:30:25]} 20. bxc4
{[%clk 0:32:40]} Be4 {[%clk 0:30:43]} 21. Bxe4 {[%clk 0:26:59]} Nxe4
{[%clk 0:31:04]} 22. Rfd1 {[%clk 0:16:13]} Bxe5 {[%clk 0:27:58]} 23. fxe5
{[%clk 0:16:11]} b5 {[%clk 0:27:16]} 24. c5 {[%clk 0:15:38]} b4 {[%clk 0:27:23]}
25. Qa6 {[%clk 0:14:40]} Nc3 {[%clk 0:27:10]} 26. Rd2 {[%clk 0:14:35]} Rb8
{[%clk 0:10:49]} 27. Rb2 {[%clk 0:11:09]} Nd5 {[%clk 0:04:17]} 28. Bf2
{[%clk 0:10:10]} Re8 {[%clk 0:02:55]} 29. a3 {[%clk 0:06:56]} bxa3
{[%clk 0:02:53]} 30. Qxa3 {[%clk 0:07:05]} Rxb2 {[%clk 0:02:46]} 31. Qxb2
{[%clk 0:07:28]} Qc7 {[%clk 0:03:05]} 32. Qb5 {[%clk 0:06:55]} Rc8
{[%clk 0:02:18]} 33. Ra1 {[%clk 0:07:01]} Rb8 {[%clk 0:01:36]} 34. Qa6
{[%clk 0:07:12]} Kf7 {[%clk 0:01:57]} 35. h3 {[%clk 0:04:01]} Rb7
{[%clk 0:02:12]} 36. Qd6 {[%clk 0:04:05]} Qc8 {[%clk 0:01:51]} 37. Bh4
{[%clk 0:01:54]} Nb4 {[%clk 0:00:45]} 38. d5 {[%clk 0:00:39]} Nxd5
{[%clk 0:00:53]} 39. c6 {[%clk 0:00:34]} Rc7 {[%clk 0:00:56]} 40. Rc1
{[%clk 0:30:55]} Nb6 {[%clk 0:30:33]} 41. Kh2 {[%clk 0:28:08]} Ke8
{[%clk 0:30:07]} 42. Rd1 {[%clk 0:21:33]} Nd5 {[%clk 0:26:02]} 43. Rxd5
{[%clk 0:17:47]} exd5 {[%clk 0:26:28]} 44. Qxd5 {[%clk 0:17:59]} Kf8
{[%clk 0:24:22]} 45. e6 {[%clk 0:17:41]} h6 {[%clk 0:22:10]} 46. Qd6+
{[%clk 0:13:49]} Ke8 {[%clk 0:20:47]} 47. Qd7+ {[%clk 0:13:44]} Rxd7
{[%clk 0:21:11]} 48. exd7+ {[%clk 0:14:06]} Qxd7 {[%clk 0:21:38]} 49. cxd7+
{[%clk 0:14:30]} Kxd7 {[%clk 0:22:06]} 50. Bf2 {[%clk 0:14:21]} a5
{[%clk 0:22:32]} 51. Kg3 {[%clk 0:13:20]} Ke6 {[%clk 0:22:17]} 52. Bd4
{[%clk 0:13:05]} g5 {[%clk 0:22:28]} 53. Kf3 {[%clk 0:12:15]} h5 {[%clk 0:22:10]}
54. h4 {[%clk 0:11:05]} gxh4 {[%clk 0:22:04]} 55. Kf4 {[%clk 0:11:03]} a4
{[%clk 0:22:26]} 56. Bb2 {[%clk 0:11:16]} 1-0

[Event "Women's World Team Chess Championship"]
[Site "Khanty-Mansiysk, RUS."]
[Date "2017.06.19"]
[Round "3.20"]
[White "Luong Phuong Hanh (VIE)"]
[Black "Guo Qi (CHN)"]
[Result "1/2-1/2"]
[BlackElo "2417"]
[WhiteElo "2208"]
[LiveChessVersion "1.4.8"]

1. d4 {[%clk 1:30:55]} d5 {[%clk 1:30:45]} 2. c4 {[%clk 1:31:13]} e6
{[%clk 1:31:11]} 3. Nf3 {[%clk 1:31:30]} Nf6 {[%clk 1:31:34]} 4. g3
{[%clk 1:31:46]} Bb4+ {[%clk 1:31:43]} 5. Bd2 {[%clk 1:32:08]} Be7
{[%clk 1:32:01]} 6. Bg2 {[%clk 1:32:23]} c6 {[%clk 1:32:20]} 7. Qc2
{[%clk 1:32:23]} O-O {[%clk 1:32:34]} 8. O-O {[%clk 1:32:13]} b6 {[%clk 1:32:44]}
9. Bf4 {[%clk 1:31:30]} Bb7 {[%clk 1:32:59]} 10. Rd1 {[%clk 1:31:31]} Nbd7
{[%clk 1:33:16]} 11. Ne5 {[%clk 1:31:21]} Nh5 {[%clk 1:31:21]} 12. Bc1
{[%clk 1:26:29]} Nhf6 {[%clk 1:31:33]} 13. Bf4 {[%clk 1:26:45]} Nh5
{[%clk 1:18:08]} 14. Bc1 {[%clk 1:24:07]} Nhf6 {[%clk 1:14:31]} 15. Bf4 Nh5
{[%clk 1:07:54]} 1/2-1/2

[Event "Women's World Team Chess Championship"]
[Site "Khanty-Mansiysk, RUS."]
[Date "2017.06.20"]
[Round "4.2"]
[White "Hoang Thi Bao Tram (VIE)"]
[Black "Zhukova Natalia (UKR)"]
[Result "1/2-1/2"]
[BlackElo "2449"]
[WhiteElo "2380"]
[LiveChessVersion "1.4.8"]

1. d4 {[%clk 1:30:48]} Nf6 {[%clk 1:30:50]} 2. Nf3 {[%clk 1:30:28]} d5
{[%clk 1:30:51]} 3. c4 {[%clk 1:28:31]} e6 {[%clk 1:31:05]} 4. e3
{[%clk 1:27:44]} a6 {[%clk 1:28:58]} 5. c5 {[%clk 1:14:06]} b6 {[%clk 1:26:54]}
6. cxb6 {[%clk 1:12:15]} c5 {[%clk 1:20:53]} 7. Nc3 {[%clk 1:11:34]} cxd4
{[%clk 1:06:15]} 8. exd4 {[%clk 1:10:53]} Qxb6 {[%clk 1:04:52]} 9. Bd3
{[%clk 1:10:59]} Bd6 {[%clk 0:59:05]} 10. O-O {[%clk 1:11:06]} O-O
{[%clk 0:55:23]} 11. Qe2 {[%clk 1:05:40]} Nc6 {[%clk 0:52:21]} 12. Rd1
{[%clk 1:05:12]} Nb4 {[%clk 0:46:25]} 13. Bb1 {[%clk 1:02:11]} a5
{[%clk 0:44:09]} 14. Bg5 {[%clk 0:57:20]} Ba6 {[%clk 0:44:26]} 15. Qd2
{[%clk 0:57:06]} Nd7 {[%clk 0:42:13]} 16. a3 {[%clk 0:32:00]} Nc6
{[%clk 0:42:22]} 17. Qc2 {[%clk 0:32:02]} g6 {[%clk 0:36:55]} 18. Ba2
{[%clk 0:30:32]} Rfc8 {[%clk 0:34:52]} 19. Qd2 {[%clk 0:30:19]} Bf8
{[%clk 0:28:05]} 20. Rac1 {[%clk 0:27:38]} Bg7 {[%clk 0:27:27]} 21. Rc2
{[%clk 0:26:59]} Qa7 {[%clk 0:20:44]} 22. Qf4 {[%clk 0:23:26]} Nb6
{[%clk 0:17:50]} 23. Bf6 {[%clk 0:18:45]} Bxf6 {[%clk 0:14:45]} 24. Qxf6
{[%clk 0:19:01]} Qe7 {[%clk 0:15:10]} 25. Qf4 {[%clk 0:19:00]} Kg7
{[%clk 0:15:10]} 26. Rdc1 {[%clk 0:14:29]} Bd3 {[%clk 0:13:30]} 27. Rd2
{[%clk 0:14:06]} Ba6 {[%clk 0:11:56]} 28. Rdc2 {[%clk 0:14:09]} Bd3
{[%clk 0:12:16]} 29. Rd2 {[%clk 0:14:33]} Ba6 {[%clk 0:12:01]} 1/2-1/2

[Event "Women's World Team Chess Championship"]
[Site "Khanty-Mansiysk, RUS."]
[Date "2017.06.20"]
[Round "4.4"]
[White "Luong Phuong Hanh (VIE)"]
[Black "Buksa Nataliya (UKR)"]
[Result "0-1"]
[BlackElo "2344"]
[WhiteElo "2208"]
[LiveChessVersion "1.4.8"]

1. d4 {[%clk 1:30:56]} Nf6 {[%clk 1:30:32]} 2. Nf3 {[%clk 1:31:08]} d5
{[%clk 1:30:57]} 3. c4 {[%clk 1:31:30]} e6 {[%clk 1:31:22]} 4. g3
{[%clk 1:31:52]} Bb4+ {[%clk 1:31:45]} 5. Bd2 {[%clk 1:32:05]} Be7
{[%clk 1:32:10]} 6. Bg2 {[%clk 1:32:30]} O-O {[%clk 1:32:27]} 7. O-O
{[%clk 1:32:53]} c6 {[%clk 1:32:42]} 8. Qc2 {[%clk 1:33:10]} Ne4 {[%clk 1:32:50]}
9. Bf4 {[%clk 1:27:21]} Nd7 {[%clk 1:33:16]} 10. Nc3 {[%clk 1:26:54]} g5
{[%clk 1:33:22]} 11. Bd2 {[%clk 1:22:17]} f5 {[%clk 1:31:57]} 12. Rfd1
{[%clk 1:16:08]} b6 {[%clk 1:22:33]} 13. cxd5 {[%clk 1:01:05]} cxd5
{[%clk 1:04:58]} 14. Qa4 {[%clk 0:58:17]} Bb7 {[%clk 0:56:12]} 15. Nxe4
{[%clk 0:57:42]} dxe4 {[%clk 0:55:51]} 16. Nxg5 {[%clk 0:55:40]} Bxg5
{[%clk 0:28:44]} 17. Bxg5 {[%clk 0:56:02]} Qxg5 {[%clk 0:29:10]} 18. Qxd7
{[%clk 0:56:26]} Bd5 {[%clk 0:29:37]} 19. e3 {[%clk 0:55:59]} Rf7
{[%clk 0:26:39]} 20. Qd6 {[%clk 0:53:19]} Rd8 {[%clk 0:21:57]} 21. Qe5
{[%clk 0:52:38]} Rc8 {[%clk 0:22:23]} 22. Rdc1 {[%clk 0:49:52]} Qd8
{[%clk 0:22:48]} 23. Bf1 {[%clk 0:42:24]} Rfc7 {[%clk 0:20:45]} 24. Re1
{[%clk 0:39:37]} Rc2 {[%clk 0:13:54]} 25. Ba6 {[%clk 0:38:19]} R8c7
{[%clk 0:07:54]} 26. b3 {[%clk 0:38:00]} R7c3 {[%clk 0:04:14]} 27. Re2
{[%clk 0:34:58]} Qc7 {[%clk 0:03:15]} 28. Rxc2 {[%clk 0:27:57]} Rxc2
{[%clk 0:03:41]} 29. Qxc7 {[%clk 0:26:42]} Rxc7 {[%clk 0:04:10]} 30. Re1
{[%clk 0:24:50]} Kf7 {[%clk 0:04:37]} 31. Re2 {[%clk 0:24:19]} Ke7
{[%clk 0:04:34]} 32. Rd2 {[%clk 0:24:06]} Rc1+ {[%clk 0:03:58]} 33. Kg2
{[%clk 0:24:15]} Kd6 {[%clk 0:04:11]} 34. Bb5 {[%clk 0:23:24]} Kc7
{[%clk 0:02:41]} 35. h3 {[%clk 0:23:31]} Kd6 {[%clk 0:02:42]} 36. Rb2
{[%clk 0:20:24]} Ke7 {[%clk 0:02:34]} 37. Be2 {[%clk 0:20:00]} Kd6
{[%clk 0:02:37]} 38. g4 {[%clk 0:16:15]} h6 {[%clk 0:00:46]} 39. Kg3
{[%clk 0:12:55]} Ke7 {[%clk 0:01:15]} 40. Kf4 {[%clk 0:40:07]} Kf6
{[%clk 0:31:44]} 41. gxf5 {[%clk 0:38:36]} exf5 {[%clk 0:31:43]} 42. h4
{[%clk 0:37:14]} Bc6 {[%clk 0:25:23]} 43. Rd2 {[%clk 0:34:29]} Bd5
{[%clk 0:25:51]} 44. Bd1 {[%clk 0:27:26]} Ke6 {[%clk 0:24:33]} 45. Kg3
{[%clk 0:23:15]} Kd6 {[%clk 0:23:59]} 46. Bh5 {[%clk 0:20:36]} Ke6
{[%clk 0:23:11]} 47. Be2 {[%clk 0:16:41]} Kd6 {[%clk 0:23:36]} 48. Kf4
{[%clk 0:15:41]} Ke6 {[%clk 0:23:53]} 49. Bc4 {[%clk 0:15:00]} Bxc4
{[%clk 0:21:03]} 50. bxc4 {[%clk 0:15:29]} Rg1 {[%clk 0:21:32]} 51. d5+
{[%clk 0:10:57]} Kf6 {[%clk 0:22:01]} 52. f3 {[%clk 0:11:22]} Rf1
{[%clk 0:22:28]} 53. Kg3 {[%clk 0:11:47]} Rxf3+ {[%clk 0:22:54]} 54. Kg2
{[%clk 0:12:12]} Rxe3 {[%clk 0:21:38]} 55. Kf2 {[%clk 0:08:23]} Rh3
{[%clk 0:13:43]} 56. Rd4 {[%clk 0:07:41]} Rxh4 {[%clk 0:13:48]} 57. Kg3
{[%clk 0:04:18]} Rg4+ {[%clk 0:14:14]} 58. Kh3 {[%clk 0:04:40]} Ke5
{[%clk 0:12:49]} 59. Rd1 {[%clk 0:04:32]} Kd6 {[%clk 0:13:00]} 60. Rf1
{[%clk 0:04:47]} Rg5 {[%clk 0:12:38]} 61. Kh4 {[%clk 0:05:12]} Ke5
{[%clk 0:11:52]} 62. Rd1 {[%clk 0:05:05]} Rg6 {[%clk 0:11:09]} 63. a4
{[%clk 0:03:35]} e3 {[%clk 0:10:43]} 64. Re1 {[%clk 0:03:19]} f4 {[%clk 0:11:08]}
65. Kh5 {[%clk 0:03:36]} Rg2 {[%clk 0:10:35]} 66. Kxh6 {[%clk 0:03:01]} e2
{[%clk 0:11:01]} 0-1

[Event "Women's World Team Chess Championship"]
[Site "Khanty-Mansiysk, RUS."]
[Date "2017.06.20"]
[Round "4.5"]
[White "Mamedjarova Zeinab (AZE)"]
[Black "Ju Wenjun (CHN)"]
[Result "1/2-1/2"]
[BlackElo "2583"]
[WhiteElo "2289"]
[LiveChessVersion "1.4.8"]

1. d4 {[%clk 1:30:57]} d6 {[%clk 1:30:53]} 2. Nf3 {[%clk 1:30:37]} g6
{[%clk 1:30:57]} 3. Nc3 {[%clk 1:29:25]} Bg7 {[%clk 1:30:46]} 4. a4
{[%clk 1:27:53]} Nf6 {[%clk 1:28:02]} 5. g3 {[%clk 1:28:18]} O-O {[%clk 1:22:40]}
6. Bg2 {[%clk 1:26:16]} Nbd7 {[%clk 1:22:50]} 7. O-O {[%clk 1:26:40]} d5
{[%clk 1:14:08]} 8. a5 {[%clk 1:23:56]} c5 {[%clk 1:14:04]} 9. h3
{[%clk 1:00:05]} e6 {[%clk 1:11:04]} 10. dxc5 {[%clk 0:55:26]} Nxc5
{[%clk 1:10:32]} 11. Be3 {[%clk 0:55:53]} Qe7 {[%clk 1:05:22]} 12. Bd4
{[%clk 0:54:35]} Bd7 {[%clk 1:05:21]} 13. Qc1 {[%clk 0:46:55]} Rfc8
{[%clk 0:51:55]} 14. Qe3 {[%clk 0:45:46]} a6 {[%clk 0:51:30]} 15. Nd2
{[%clk 0:38:10]} Be8 {[%clk 0:44:22]} 16. Bxd5 {[%clk 0:31:28]} Qd8
{[%clk 0:42:22]} 17. Bg2 {[%clk 0:15:26]} Ng4 {[%clk 0:42:36]} 18. hxg4
{[%clk 0:15:54]} Bxd4 {[%clk 0:42:52]} 19. Qh6 {[%clk 0:15:03]} Bg7
{[%clk 0:39:54]} 20. Qe3 {[%clk 0:13:59]} Bd4 {[%clk 0:35:23]} 21. Qh6
{[%clk 0:14:17]} Bg7 {[%clk 0:32:33]} 22. Qe3 {[%clk 0:14:19]} Bd4
{[%clk 0:31:51]} 23. Qh6 {[%clk 0:12:48]} 1/2-1/2

[Event "Women's World Team Chess Championship"]
[Site "Khanty-Mansiysk, RUS."]
[Date "2017.06.20"]
[Round "4.6"]
[White "Tan Zhongyi (CHN)"]
[Black "Mammadzada Gunay (AZE)"]
[Result "1/2-1/2"]
[BlackElo "2368"]
[WhiteElo "2517"]
[LiveChessVersion "1.4.8"]

1. c4 {[%clk 1:30:57]} e5 {[%clk 1:29:54]} 2. g3 {[%clk 1:31:12]} c5
{[%clk 1:30:01]} 3. Bg2 {[%clk 1:30:56]} Nc6 {[%clk 1:30:09]} 4. Nc3
{[%clk 1:30:26]} g6 {[%clk 1:29:58]} 5. Nf3 {[%clk 1:29:32]} Bg7 {[%clk 1:29:47]}
6. a3 {[%clk 1:28:30]} Nge7 {[%clk 1:26:55]} 7. O-O {[%clk 1:27:45]} O-O
{[%clk 1:24:32]} 8. b4 {[%clk 1:26:50]} d6 {[%clk 1:21:04]} 9. Rb1
{[%clk 1:19:42]} Rb8 {[%clk 1:19:19]} 10. d3 {[%clk 1:19:12]} h6 {[%clk 1:14:03]}
11. Ne1 {[%clk 1:13:26]} Be6 {[%clk 1:10:33]} 12. Nd5 {[%clk 1:13:26]} cxb4
{[%clk 1:06:05]} 13. axb4 {[%clk 1:10:57]} b5 {[%clk 1:01:01]} 14. Nc2
{[%clk 1:10:35]} f5 {[%clk 0:56:19]} 15. e4 {[%clk 0:59:25]} Qd7 {[%clk 0:49:48]}
16. Be3 {[%clk 0:49:49]} fxe4 {[%clk 0:35:58]} 17. Bxe4 {[%clk 0:39:30]} Nf5
{[%clk 0:35:14]} 18. Qd2 {[%clk 0:36:04]} Nxe3 {[%clk 0:29:57]} 19. Qxe3
{[%clk 0:35:37]} Ne7 {[%clk 0:29:18]} 20. Ra1 {[%clk 0:31:53]} Bxd5
{[%clk 0:27:39]} 21. Bxd5+ {[%clk 0:32:03]} Nxd5 {[%clk 0:27:28]} 22. cxd5
{[%clk 0:32:27]} Qb7 {[%clk 0:21:45]} 23. Qe4 {[%clk 0:31:33]} Rf6
{[%clk 0:19:05]} 24. Ne3 {[%clk 0:31:42]} Rbf8 {[%clk 0:19:08]} 25. Rac1
{[%clk 0:28:29]} h5 {[%clk 0:17:31]} 26. Rc2 {[%clk 0:23:42]} Qf7
{[%clk 0:17:20]} 27. Ng2 {[%clk 0:20:03]} Bh6 {[%clk 0:15:31]} 28. d4
{[%clk 0:18:46]} exd4 {[%clk 0:14:14]} 29. Qxd4 {[%clk 0:19:10]} Rf5
{[%clk 0:12:51]} 30. Rd1 {[%clk 0:19:28]} Re5 {[%clk 0:11:15]} 31. Ra2
{[%clk 0:18:28]} Re7 {[%clk 0:10:32]} 32. Qd3 {[%clk 0:14:41]} a6
{[%clk 0:06:01]} 33. Re1 {[%clk 0:12:23]} Rxe1+ {[%clk 0:05:26]} 34. Nxe1
{[%clk 0:12:48]} Qf5 {[%clk 0:05:03]} 35. Qe2 {[%clk 0:08:40]} Qxd5
{[%clk 0:03:04]} 36. Rxa6 {[%clk 0:09:04]} Bg7 {[%clk 0:02:56]} 37. Nd3
{[%clk 0:08:53]} g5 {[%clk 0:01:02]} 38. Ra7 {[%clk 0:07:34]} Qf3
{[%clk 0:00:59]} 39. Qe6+ {[%clk 0:06:45]} Kh8 {[%clk 0:01:11]} 40. Qe7
{[%clk 0:35:27]} Qd1+ {[%clk 0:30:49]} 41. Ne1 {[%clk 0:33:39]} Qd4
{[%clk 0:30:51]} 42. Nd3 {[%clk 0:33:45]} Rg8 {[%clk 0:27:35]} 43. Qe2
{[%clk 0:29:11]} Qxa7 {[%clk 0:21:26]} 44. Qxh5+ {[%clk 0:29:34]} Bh6
{[%clk 0:21:54]} 45. Qxh6+ {[%clk 0:29:58]} Qh7 {[%clk 0:22:22]} 46. Qxd6
{[%clk 0:30:20]} Qg7 {[%clk 0:17:10]} 47. Qb6 {[%clk 0:21:55]} Re8
{[%clk 0:08:21]} 48. Qxb5 {[%clk 0:19:18]} Qa1+ {[%clk 0:08:43]} 49. Kg2
{[%clk 0:19:45]} Qa8+ {[%clk 0:08:50]} 50. f3 {[%clk 0:19:21]} Re2+
{[%clk 0:09:03]} 51. Nf2 {[%clk 0:19:09]} Qa2 {[%clk 0:08:28]} 52. Qc5
{[%clk 0:18:23]} Rc2 {[%clk 0:06:20]} 53. Qd4+ {[%clk 0:18:18]} Kg8
{[%clk 0:06:19]} 54. Qe3 {[%clk 0:17:33]} Kh7 {[%clk 0:05:26]} 55. b5
{[%clk 0:17:44]} Re2 {[%clk 0:05:04]} 56. Qd3+ {[%clk 0:15:27]} Kh6
{[%clk 0:04:35]} 57. Qd4 {[%clk 0:15:09]} Rd2 {[%clk 0:04:06]} 58. Qb6+
{[%clk 0:13:48]} Kh7 {[%clk 0:04:28]} 59. g4 {[%clk 0:13:59]} Qb2
{[%clk 0:03:10]} 60. Qa7+ {[%clk 0:09:50]} Kg6 {[%clk 0:03:14]} 61. Qe3
{[%clk 0:06:12]} Re2 {[%clk 0:03:03]} 62. Qb6+ {[%clk 0:06:39]} Kf7
{[%clk 0:01:56]} 63. Kf1 {[%clk 0:06:58]} Rc2 {[%clk 0:02:16]} 64. Kg1
{[%clk 0:05:31]} Rc1+ {[%clk 0:02:35]} 65. Kg2 {[%clk 0:05:58]} Rc2
{[%clk 0:03:03]} 66. Qa7+ {[%clk 0:06:10]} Kg6 {[%clk 0:03:09]} 67. Qe3
{[%clk 0:05:27]} Re2 {[%clk 0:03:12]} 68. Qb6+ {[%clk 0:04:23]} Kf7
{[%clk 0:03:34]} 69. Qc7+ {[%clk 0:02:30]} Kg6 {[%clk 0:03:35]} 70. Qc5
{[%clk 0:02:37]} Rc2 {[%clk 0:03:02]} 71. Qf5+ {[%clk 0:02:56]} Kh6
{[%clk 0:03:28]} 72. Qe6+ {[%clk 0:03:12]} Kh7 {[%clk 0:02:23]} 73. Kg3
{[%clk 0:02:56]} Re2 {[%clk 0:00:45]} 74. Qd7+ {[%clk 0:03:10]} Kh8
{[%clk 0:00:43]} 75. Qd8+ {[%clk 0:03:27]} Kh7 {[%clk 0:01:11]} 76. Qc7+
{[%clk 0:03:48]} Qg7 {[%clk 0:01:29]} 77. Qxg7+ {[%clk 0:01:11]} Kxg7
{[%clk 0:01:58]} 78. Ne4 {[%clk 0:01:14]} Kg6 {[%clk 0:01:46]} 79. h4
{[%clk 0:01:16]} gxh4+ {[%clk 0:02:09]} 80. Kxh4 {[%clk 0:01:44]} Rb2
{[%clk 0:01:14]} 81. Nd6 {[%clk 0:02:11]} Rb4 {[%clk 0:01:21]} 82. Kg3
{[%clk 0:02:08]} Kf6 {[%clk 0:01:21]} 83. f4 {[%clk 0:01:55]} Ke6
{[%clk 0:00:45]} 84. Nf5 {[%clk 0:02:23]} Kd7 {[%clk 0:01:11]} 85. g5
{[%clk 0:02:45]} Rxb5 {[%clk 0:01:29]} 86. Kg4 {[%clk 0:03:02]} Ra5
{[%clk 0:01:18]} 87. Nh6 {[%clk 0:02:42]} Ke7 {[%clk 0:01:32]} 88. f5
{[%clk 0:03:06]} Kf8 {[%clk 0:01:04]} 89. Kh5 {[%clk 0:02:33]} Kg7
{[%clk 0:00:58]} 90. f6+ {[%clk 0:02:44]} Kh7 {[%clk 0:00:38]} 91. Ng4
{[%clk 0:03:03]} Rf5 {[%clk 0:00:41]} 92. Ne3 {[%clk 0:03:27]} Rc5
{[%clk 0:00:45]} 93. Ng2 {[%clk 0:03:49]} Rf5 {[%clk 0:00:39]} 94. Kg4
{[%clk 0:04:11]} Rxf6 {[%clk 0:01:01]} 1/2-1/2

[Event "Women's World Team Chess Championship"]
[Site "Khanty-Mansiysk, RUS."]
[Date "2017.06.20"]
[Round "4.10"]
[White "Lagno Kateryna (RUS)"]
[Black "Javakhishvili Lela (GEO)"]
[Result "1-0"]
[BlackElo "2447"]
[WhiteElo "2539"]
[LiveChessVersion "1.4.8"]

1. d4 {[%clk 1:30:50]} d5 {[%clk 1:28:58]} 2. c4 {[%clk 1:30:03]} e6
{[%clk 1:29:23]} 3. Nf3 {[%clk 1:29:49]} c6 {[%clk 1:26:42]} 4. Qc2
{[%clk 1:25:28]} dxc4 {[%clk 1:27:01]} 5. Qxc4 {[%clk 1:23:26]} Nf6
{[%clk 1:27:25]} 6. Qc2 {[%clk 1:21:38]} c5 {[%clk 1:20:29]} 7. dxc5
{[%clk 1:16:41]} Na6 {[%clk 1:19:42]} 8. e4 {[%clk 0:53:30]} Nxc5
{[%clk 0:52:33]} 9. Nc3 {[%clk 0:52:33]} a6 {[%clk 0:48:48]} 10. b4
{[%clk 0:46:42]} Ncd7 {[%clk 0:48:58]} 11. a3 {[%clk 0:45:16]} Qc7
{[%clk 0:42:04]} 12. Bb2 {[%clk 0:38:30]} b5 {[%clk 0:42:10]} 13. Bd3
{[%clk 0:31:14]} Bb7 {[%clk 0:41:18]} 14. O-O {[%clk 0:31:22]} Bd6
{[%clk 0:33:01]} 15. Qe2 {[%clk 0:19:51]} O-O {[%clk 0:26:49]} 16. Rac1
{[%clk 0:19:42]} Qb8 {[%clk 0:27:10]} 17. h3 {[%clk 0:19:04]} Rc8
{[%clk 0:23:49]} 18. Nb1 {[%clk 0:17:15]} Rxc1 {[%clk 0:17:50]} 19. Rxc1
{[%clk 0:17:38]} Ne5 {[%clk 0:18:02]} 20. Nbd2 {[%clk 0:11:34]} Nxd3
{[%clk 0:13:02]} 21. Qxd3 {[%clk 0:12:01]} Bf4 {[%clk 0:10:51]} 22. Bxf6
{[%clk 0:11:53]} gxf6 {[%clk 0:11:16]} 23. Qd7 {[%clk 0:12:13]} Bxe4
{[%clk 0:04:39]} 24. Nxe4 {[%clk 0:11:01]} Bxc1 {[%clk 0:05:07]} 25. Nxf6+
{[%clk 0:11:07]} Kg7 {[%clk 0:03:42]} 26. Qd4 {[%clk 0:10:22]} Qd8
{[%clk 0:03:37]} 27. Nh5+ {[%clk 0:10:23]} Kf8 {[%clk 0:03:26]} 28. Qc5+
{[%clk 0:10:24]} Ke8 {[%clk 0:03:09]} 29. Ng7+ {[%clk 0:10:34]} 1-0

[Event "Women's World Team Chess Championship"]
[Site "Khanty-Mansiysk, RUS."]
[Date "2017.06.20"]
[Round "4.12"]
[White "Goryachkina Aleksandra (RUS)"]
[Black "Batsiashvili Nino (GEO)"]
[Result "1/2-1/2"]
[BlackElo "2469"]
[WhiteElo "2477"]
[LiveChessVersion "1.4.8"]

1. d4 {[%clk 1:30:55]} Nf6 {[%clk 1:30:48]} 2. c4 {[%clk 1:31:18]} e5
{[%clk 1:31:07]} 3. dxe5 {[%clk 1:30:54]} Ng4 {[%clk 1:31:32]} 4. Bf4
{[%clk 1:29:30]} Nc6 {[%clk 1:31:17]} 5. Nf3 {[%clk 1:29:30]} Bb4+
{[%clk 1:31:40]} 6. Nbd2 {[%clk 1:29:30]} Qe7 {[%clk 1:32:01]} 7. e3
{[%clk 1:29:37]} Ngxe5 {[%clk 1:32:10]} 8. Nxe5 {[%clk 1:29:26]} Nxe5
{[%clk 1:32:35]} 9. Be2 {[%clk 1:28:35]} O-O {[%clk 1:32:10]} 10. O-O
{[%clk 1:26:32]} Bxd2 {[%clk 1:31:22]} 11. Qxd2 {[%clk 1:27:24]} d6
{[%clk 1:31:48]} 12. Rac1 {[%clk 1:23:08]} b6 {[%clk 1:15:44]} 13. b4
{[%clk 1:13:00]} a5 {[%clk 1:11:27]} 14. a3 {[%clk 1:12:56]} axb4
{[%clk 1:09:32]} 15. axb4 {[%clk 1:12:11]} Bb7 {[%clk 1:03:40]} 16. c5
{[%clk 1:06:31]} bxc5 {[%clk 0:57:15]} 17. bxc5 {[%clk 1:06:14]} Qe6
{[%clk 0:50:47]} 18. f3 {[%clk 0:59:57]} Ra2 {[%clk 0:47:17]} 19. Rc2
{[%clk 0:55:47]} Rxc2 {[%clk 0:46:31]} 20. Qxc2 {[%clk 0:56:11]} Ng6
{[%clk 0:46:26]} 21. Rb1 {[%clk 0:39:49]} Nxf4 {[%clk 0:43:18]} 22. exf4
{[%clk 0:40:03]} Bd5 {[%clk 0:42:51]} 23. cxd6 {[%clk 0:35:26]} Qxd6
{[%clk 0:42:47]} 24. Bd3 {[%clk 0:33:35]} h6 {[%clk 0:37:18]} 25. Bh7+
{[%clk 0:30:18]} Kh8 {[%clk 0:37:46]} 26. Be4 {[%clk 0:29:23]} Bxe4
{[%clk 0:28:29]} 27. Qxe4 {[%clk 0:29:39]} Qc5+ {[%clk 0:26:55]} 28. Kh1
{[%clk 0:28:47]} Rd8 {[%clk 0:27:14]} 29. h3 {[%clk 0:27:57]} Kg8
{[%clk 0:24:45]} 30. Kh2 {[%clk 0:24:36]} Qd6 {[%clk 0:23:55]} 31. Rc1
{[%clk 0:23:28]} c5 {[%clk 0:22:11]} 32. Qf5 {[%clk 0:19:29]} g6 {[%clk 0:22:03]}
33. Qe4 {[%clk 0:19:24]} h5 {[%clk 0:19:18]} 34. Rc4 {[%clk 0:16:53]} Rb8
{[%clk 0:18:32]} 35. Qe3 {[%clk 0:15:02]} Rc8 {[%clk 0:14:35]} 36. h4
{[%clk 0:13:40]} Qd5 {[%clk 0:12:29]} 37. Qc3 {[%clk 0:13:33]} Kh7
{[%clk 0:10:37]} 38. Kg3 {[%clk 0:12:51]} Kg8 {[%clk 0:10:25]} 39. Kh2
{[%clk 0:12:24]} Kh7 {[%clk 0:09:26]} 40. Kg3 {[%clk 0:42:24]} Rc6
{[%clk 0:39:45]} 41. Qc2 {[%clk 0:40:56]} Qd6 {[%clk 0:18:33]} 42. Qc3
{[%clk 0:38:52]} Qe7 {[%clk 0:18:38]} 43. Qe5 {[%clk 0:36:32]} Qc7
{[%clk 0:17:05]} 44. Qd5 {[%clk 0:34:58]} Kg7 {[%clk 0:15:50]} 45. Kh2
{[%clk 0:32:04]} Rf6 {[%clk 0:10:34]} 46. Qxc5 {[%clk 0:31:13]} Qxc5
{[%clk 0:10:59]} 47. Rxc5 {[%clk 0:31:39]} Rxf4 {[%clk 0:11:23]} 48. Kg3
{[%clk 0:32:01]} 1/2-1/2

[Event "Women's World Team Chess Championship"]
[Site "Khanty-Mansiysk, RUS."]
[Date "2017.06.20"]
[Round "4.13"]
[White "Zatonskih Anna (USA)"]
[Black "Wafa Shrook (EGY)"]
[Result "1-0"]
[BlackElo "2141"]
[WhiteElo "2417"]
[LiveChessVersion "1.4.8"]

1. d4 {[%clk 1:30:57]} Nf6 {[%clk 1:30:53]} 2. Nf3 {[%clk 1:31:21]} e6
{[%clk 1:31:10]} 3. g3 {[%clk 1:31:43]} b6 {[%clk 1:30:55]} 4. Bg2
{[%clk 1:31:19]} Bb7 {[%clk 1:31:17]} 5. O-O {[%clk 1:30:56]} Be7
{[%clk 1:30:49]} 6. c4 {[%clk 1:29:33]} O-O {[%clk 1:30:53]} 7. Nc3
{[%clk 1:12:25]} d6 {[%clk 1:30:22]} 8. Qc2 {[%clk 1:05:56]} Nfd7
{[%clk 1:28:46]} 9. Ng5 {[%clk 1:04:15]} Bxg5 {[%clk 1:28:34]} 10. Bxb7
{[%clk 1:04:39]} Bxc1 {[%clk 1:28:02]} 11. Raxc1 {[%clk 1:04:23]} Na6
{[%clk 1:26:12]} 12. Bxa6 {[%clk 1:01:16]} f5 {[%clk 1:26:29]} 13. Bb7
{[%clk 0:59:22]} Rb8 {[%clk 1:26:52]} 14. Bg2 {[%clk 0:59:47]} f4
{[%clk 1:26:45]} 15. Qe4 {[%clk 0:57:19]} Rf6 {[%clk 1:22:52]} 16. e3
{[%clk 0:49:04]} g5 {[%clk 1:19:33]} 17. exf4 {[%clk 0:49:19]} gxf4
{[%clk 1:19:56]} 18. Ne2 {[%clk 0:48:08]} fxg3 {[%clk 1:19:13]} 19. fxg3
{[%clk 0:48:03]} Qe7 {[%clk 1:18:49]} 20. Nf4 {[%clk 0:46:53]} Re8
{[%clk 1:15:39]} 21. Rce1 {[%clk 0:43:16]} Qg7 {[%clk 1:14:26]} 22. Bh3
{[%clk 0:41:40]} 1-0